000 00459nam a2200181Ia 4500
001 2480
005 20260306144810.0
008 260306t2016||||xx |||||||||||||| ||spa||
041 _aESP
082 _a616.891
_bG72
100 _aGonzález Parra, Augusto
_eAUT
245 0 _aTerapéutica en psiquiatría:
_buna aproximación práctica
260 _c2016
300 _a198 páginas :
_c24 cm.
650 _aGEN
654 _aCPS
942 _cLIB
_dJUS
_fJUS
_2ddc
_n
999 _c2480
_d2480